|
|
|
|
| LEADER |
00000nam a22000007a 4500 |
| 005 |
20220502214242.0 |
| 007 |
cr|||| |||| |
| 008 |
220502s2020 ea |||||s|||| 00||0 spa d |
| 020 |
|
|
|a 978-84-122527-5-0
|
| 035 |
|
|
|a 35593
|
| 040 |
|
|
|a vLex
|
| 090 |
|
|
|c 13253
|d 13253
|
| 100 |
1 |
|
|a Montero Hernanz, Toms̀
|
| 245 |
1 |
2 |
|a La justicia penal juvenil en Iberoamřica
|h [Recurso electrn̤ico] :
|b Libro homenaje a D. Ela̕s Carranza /
|c Toms̀ Montero Hernanz
|
| 256 |
|
|
|a Servicio en ln̕ea
|
| 260 |
|
|
|a Barcelona:
|b J.M. Bosch Editor,
|c 2020
|
| 300 |
|
|
|a 1 recurso electrn̤ico
|
| 500 |
|
|
|a Aunque pudiera pensarse que entrados en el siglo XXI los derechos de la infancia estǹ plenamente afianzados a nivel mundial, su reconocimiento es algo relativamente reciente y an︢ no asentado. En la formacin̤ y evolucin̤ de los sistemas nacionales de justicia juvenil han jugado un papel determinante los instrumentos internacionales, en particular la Convencin̤ sobre los Derechos del Niǫ de 1989. En el marco de Iberoamřica, los 22 pas̕es que conforman la Conferencia de Ministros de Justicia de Pas̕es Iberoamericanos (COMJIB) procedieron a su rp̀ida ratificacin̤ y, salvo Argentina y Cuba, todos se han dotado de un marco normativo en materia de justicia juvenil post Convencin̤. Pero esa aceptacin̤ jurd̕ica de la Convencin̤, ratificada por todos e incluso incorporada a sus constituciones de forma expresa por muchos, no siempre se corresponde con una aceptacin̤ material, una recepcin̤ real, en cuanto no es aplicada, y prueba de ello son los informes perid̤icos del Comit ̌de Derechos del Niǫ, donde ningn︢ pas̕ sale indemne. En esta obra se analizan, desde diversas p̤ticas, algunos aspectos generales de la justicia juvenil en Iberoamřica, as ̕como aspectos concretos de 10 pas̕es de la regin̤, a travš de expertos referentes en la materia
|
| 506 |
1 |
|
|a Disponible solo en los productos indicados
|d vLex Global
|d vLex Global (Academic Edition, excluding Law Schools)
|d vLex Global (U.S. Academic Edition, Law Schools)
|d vLex Global (U.S. Academic Edition, excluding Law Schools)
|d vLex Global (Academic Edition, Law Schools)
|
| 650 |
0 |
4 |
|a Derecho Penal
|z Espaą
|
| 650 |
0 |
4 |
|a Derecho Internacional
|z Espaą
|
| 740 |
0 |
|
|a vLex Libros (Servicio en ln̕ea)
|
| 856 |
4 |
0 |
|u https://app.vlex.com/#/sources/35593
|z Acceso restringido
|
| 942 |
|
|
|c BOOK
|
| 999 |
0 |
|
|a Criminal Law
|
| 999 |
0 |
|
|a International Law
|